| 000 | 00604nam a2200241 a 4500 | ||
|---|---|---|---|
| 001 | nice12345678 | ||
| 003 | IN_TiNIC | ||
| 005 | 20260116011716.0 | ||
| 008 | 050524s1880 leia grp 000 0 urd | ||
| 020 |
_a _c100 |
||
| 082 | 0 | 0 |
_a297.55 _bHUR |
| 100 | _aHurgronje, Christian Snouck | ||
| 245 | _aHet Mekkaansche Feest | ||
| 260 |
_aLeiden _bE.J. Brill _c1880 |
||
| 300 | _a199p | ||
| 500 | _aincludes index and biblioraphy | ||
| 505 | 2 | _afour volumes bound together | |
| 650 | _aGhalib-Poetry | ||
| 700 | 1 | _aHurgronje, Christian Snouck | |
| 902 | _bSRS | ||
| 942 | _cBK | ||
| 999 |
_c3483 _d3483 |
||